De doce á una (Record no. 168251)
[ view plain ]
| 000 -LEADER | |
|---|---|
| campo de control de longitud fija | 00849nam a22001815i 4500 |
| 001 - NÚMERO DE CONTROL | |
| campo de control | 168251 |
| 003 - IDENTIFICADOR DE NÚMERO DE CONTROL | |
| campo de control | ES-MaACL |
| 005 - FECHA Y HORA DE LA ÚLTIMA TRANSACCIÓN | |
| campo de control | 20230906213730.0 |
| 008 - DATOS DE LONGITUD FIJA--INFORMACIÓN GENERAL | |
| campo de control de longitud fija | 020301s1871 sp |||| | spa d |
| 040 ## - FUENTE DE CATALOGACIÓN | |
| Centro catalogador/agencia de origen | CAM |
| Lengua de catalogación | spa |
| Centro/agencia transcriptor | CAM |
| 100 1# - ENTRADA PRINCIPAL--NOMBRE DE PERSONA | |
| Nombre de persona | Zumel, Enrique. |
| 9 (RLIN) | 118492 |
| 245 10 - MENCIÓN DEL TÍTULO | |
| Título | De doce á una |
| Resto del título | : juguete cómico en un acto y en prosa / |
| Mención de responsabilidad, etc. | original de Enrique Zumel. |
| 260 ## - PUBLICACIÓN, DISTRIBUCIÓN, ETC. | |
| Lugar de publicación, distribución, etc. | Madrid : |
| Nombre del editor, distribuidor, etc. | [s.n.], |
| Fecha de publicación, distribución, etc. | 1871 ( |
| Fabricante | Imprenta de José Rodríguez) |
| 300 ## - DESCRIPCIÓN FÍSICA | |
| Extensión | 21 p. ; |
| Dimensiones | 19 cm. |
| 500 ## - NOTA GENERAL | |
| Nota general | En port.: Representado en el Teatro Martin, el 20 de marzo de 1871. |
| 596 ## - NOTA AL PIE DE IMPRENTA | |
| NOTA AL PIE DE IMPRENTA | Al v. de port. consta : "... Galerías Dramáticas y Líricas de los Sres. Gullon é Hidalgo..." |
| 852 ## - LOCALIZACIÓN | |
| Ubicación | ES-MaACL |
| Número de control de estantería | F-8571(4) |
| Nota libre | -- Enc. pasta española., falto de la enc. original |
| -- | -- Enc. en un vol. facticio formando parte de la col. facticia "Teatro español moderno", vol. 24 |
| Estatus retirado | Estado de pérdida | Estado de daño | No para préstamo | Colección | Biblioteca de origen | Biblioteca actual | Ubicación en estantería | Fecha de adquisición | Total de préstamos | Signatura topográfica completa | Código de barras | Visto por última vez | Precio de reemplazo | Tipo de ítem Koha |
|---|---|---|---|---|---|---|---|---|---|---|---|---|---|---|
| Libros del s. XIX | Biblioteca del Ateneo de Madrid | Biblioteca del Ateneo de Madrid | Sala Pecera Planta 2 | 17/01/2008 | F-8571(4) | 1176541 | 23/02/2023 | 23/02/2023 | Libro impreso antiguo |
